000 01546nam0a22002531 4500
001 rc\3544040
005 20260406151851.0
021 _aRU
_b[70-75593]
035 _a(NLR Aleph) 007671547
090 _a6439721
_c6439721
100 _a20130115d1970 |||y0rusy50 ca
101 0 _arus
102 _aRU
105 _ay z |||||
200 1 _aВопросы разработки и внедрения дескрипторных информационно-поисковых систем
_eМатериалы семинара информ. работников, проходившего в янв. - марте 1969 г.
_fОбъединение по руководству науч.-техн. информацией и пропагандой в РСФСР при Гос. ком Совета Министров СССР по науке и технике. Ленингр. межотраслевой территор. центр. науч.-техн. информации и пропаганды "ЛЦНТИ"
210 _aЛенинград
_cБ. и.
_d1970
215 _a46 с.
_d20
606 _aИнформационно-поисковые системы, дескрипторные
_jСборники
_2psbo
712 0 2 _aЛенинградский межотраслевой территориальный центр научно-технической информации и пропаганды
_9350399
_3RU\NLR\AUTH\889927382
801 0 _aRU
_bNLR
_gpsbo
801 1 _aRU
_bELAR
_2rusmarc
852 _aNLR
_j70-4/24688
942 _cBOOK
980 _aNB